Départements d'Auvergne-Rhône-Alpes (carte) - Statistiques

Statistiques générales
  • Ce quiz a été pris 13 592 fois
  • Le résultat moyen est 9 sur 12
Réponses sur la Carte
Les réponses sont colorées sur une échelle allant du rouge au vert en fonction du pourcentage des utilisateurs qui les ont devinées à leur premier essai. Vous pouvez retrouver ces pourcentages ci-dessous.
 
Statistiques - réponses
Départements % Correct
69 Rhône
87%
74 Haute-Savoie
86%
73 Savoie
86%
01 Ain
84%
42 Loire
78%
38 Isère
74%
07 Ardèche
73%
03 Allier
70%
26 Drôme
69%
15 Cantal
67%
43 Haute-Loire
67%
63 Puy-de-Dôme
65%
Aucun quiz correspondant
Distribution des résultats
% des personnes avec chaque résultat
Percentile par nombre de réponses
Votre historique - résultats
Vous n’avez pas pris ce quiz